[Event "UZB-ch Men 2020"]
[Site "Tashkent"]
[Date "2020.03.14"]
[Round "1.1"]
[White "Abdisalimov, Abdimalik"]
[Black "Rakhmatullaev, Almas"]
[Result "1-0"]
[WhiteElo "2397"]
[BlackElo "2182"]
[Annotator "TA"]
[PlyCount "113"]
[EventDate "2020.03.11"]
[EventType "tourn"]
[EventCountry "UZB"]
[SourceTitle "playchess.com"]
[Source "ChessBase"]
[SourceQuality "1"]

{[%evp 22,113,38,26,39,33,57,30,31,19,41,49,54,8,119,130,112,92,89,80,72,35,37,31,59,61,90,93,109,109,126,120,127,121,124,113,122,122,104,96,93,43,43,43,43,42,56,27,32,37,104,104,163,135,135,135,250,250,240,237,224,218,282,282,355,348,634,597,581,566,557,463,582,564,29965,29963,29963,29965,29968,29964,29964,29964,29965,29971,29970,29963,29971,29972,29971,29972,29969,29972,29978,29982]} 1. d4 Nf6 2. Nf3 e6 3. c4 b6 4. g3 Bb7 5. Bg2 Bb4+ 6. Bd2 Be7 7. Nc3 O-O 8. O-O d5 9. Ne5 Na6 10. cxd5 exd5 11. Rc1 c5 12. Bf4 Nc7 {E18: Queen's Indian: Old Main Line (4 g3 Bb7 5 Bg2 Be7 6 0-0 0-0 7 Nc3).} 13. dxc5 Bxc5 {[#]} 14. Qa4 $146 ({Predecessor:} 14. Bg5 Be7 15. Qa4 Ne6 16. Be3 Bc5 17. Bxc5 bxc5 18. Rfd1 Qc7 19. Nd3 a6 20. Qa3 {1-0 (60) Tan,L (1965)-Narayanan,R (1808) Kuala Lumpur 2015}) 14... Ne6 {White has an edge.} 15. Nd3 Qe7 16. Be5 Rfd8 17. Rfd1 a6 (17... Ne4 $1 $11) 18. Nxc5 $16 Nxc5 19. Qd4 Nfe4 20. Nxe4 ({Worse is} 20. Bxg7 Ne6 $17) 20... dxe4 21. Bd6 Qe6 $1 22. Qe5 Qxe5 23. Bxe5 Rxd1+ 24. Rxd1 f6 25. Bc7 b5 26. Bh3 {aiming for Rc1.} e3 27. fxe3 Re8 28. Bb6 Ne4 29. Bd7 Re7 30. Bf5 g6 31. Rd8+ Kf7 32. Bd7 f5 33. Bd4 Nf6 34. Bc8 (34. Bxf6 $5 Kxf6 35. Kf2 $14) 34... Bxc8 35. Rxc8 $11 {[%mdl 4096] Endgame KRB-KRN} Nd5 {Black is now going downhill.} (35... Ne4 $14) 36. Kf2 $16 Rc7 (36... Re6 $16 {keeps fighting.}) 37. Rxc7+ Nxc7 $18 {KB-KN} 38. e4 $1 fxe4 (38... Ne6 $16 {is a better defense.}) 39. Ke3 Ke6 40. Kxe4 Nd5 41. Bc3 $1 Ne7 42. Kd4 $1 Nc6+ 43. Kc5 Nb8 $2 (43... Kd7 44. e4 Nd8) 44. e4 Nd7+ 45. Kc6 g5 46. g4 b4 47. Bd4 Ne5+ {[#]} 48. Bxe5 $1 {White mates.} Kxe5 {[#] KP-KP} 49. Kc5 $1 {[%cal Rc5b4]} Kxe4 50. Kxb4 Kf3 51. Ka5 Kxg4 52. Kxa6 {K3P-KPP} Kh3 53. b4 Kxh2 54. b5 g4 55. b6 g3 56. b7 g2 57. b8=Q+ {Accuracy: White = 85%, Black = 59%.} 1-0

[Event "UZB-ch Men 2020"]
[Site "Tashkent"]
[Date "2020.03.14"]
[Round "1.2"]
[White "Madaminov, Mukhiddin"]
[Black "Nigmatov, Ortik"]
[Result "1/2-1/2"]
[WhiteElo "2226"]
[BlackElo "2447"]
[Annotator "TA"]
[PlyCount "78"]
[EventDate "2020.03.11"]
[EventType "tourn"]
[EventCountry "UZB"]
[SourceTitle "playchess.com"]
[Source "ChessBase"]
[SourceQuality "1"]

{[%evp 21,78,13,46,20,37,24,32,23,35,14,32,35,37,30,73,70,70,62,68,16,101,60,58,43,63,39,75,57,40,39,56,25,17,16,23,-18,34,30,8,0,29,0,0,0,0,0,-19,-22,0,0,44,16,28,0,6,14,9,0,86]} 1. e4 c5 2. c3 d5 3. exd5 Qxd5 4. d4 Nc6 5. Nf3 Nf6 6. Be3 cxd4 7. cxd4 e6 8. Nc3 Qd6 9. Bd3 Be7 10. O-O O-O 11. Rc1 a6 12. Bb1 {B22: Sicilian: 2 c3.} Rd8 13. h3 {[#]} Bd7 $146 ({Predecessor:} 13... Nb4 14. Qd2 Nbd5 15. Bg5 b5 16. Rfd1 Bb7 17. Bh4 Rac8 18. Bg3 Qb6 19. Nxd5 Bxd5 20. Rxc8 Rxc8 {0-1 (37) Schmidt,G (2116)-Rath,A (2047) Dresden 2016}) 14. a3 {White is slightly better.} Be8 15. Qc2 Rac8 16. Rfd1 g6 17. Qe2 Qb8 18. Ba2 Nd5 19. Nxd5 exd5 20. Ne5 ({White should try} 20. Re1 $14) 20... f6 (20... Nxe5 $11 {keeps the balance.} 21. Rxc8 Rxc8 22. dxe5 Qxe5) 21. Nd3 Bf7 22. Nc5 Kg7 23. Qf3 Qa7 24. b4 b6 25. Nd3 Qd7 26. Bb3 g5 27. Ba4 Bg6 28. Rc3 Nxd4 (28... Qe6 $11 29. Rdc1 b5) 29. Bxd4 $14 Qxa4 30. Nb2 Qd7 31. Bxb6 Rxc3 32. Qxc3 Rc8 33. Qf3 Qe6 34. Bd4 Rc2 35. Nd3 Re2 36. Be3 Rc2 37. Bd4 Bd6 {[#]The position is equal.} 38. Nc5 $1 {[%mdl 512]} Bxc5 39. bxc5 Be4 {Accuracy: White = 66%, Black = 70%.} (39... Rc4 $11 {remains equal.} 40. Qe3 Qe4) 1/2-1/2

[Event "UZB-ch Men 2020"]
[Site "Tashkent"]
[Date "2020.03.14"]
[Round "1.3"]
[White "Yakubboev, Nodirbek"]
[Black "Sindarov, Javokhir"]
[Result "1-0"]
[WhiteElo "2591"]
[BlackElo "2557"]
[Annotator "TA"]
[PlyCount "121"]
[EventDate "2020.03.11"]
[EventType "tourn"]
[EventCountry "UZB"]
[SourceTitle "playchess.com"]
[Source "ChessBase"]
[SourceQuality "1"]

{[%evp 13,121,25,31,14,16,22,39,8,16,16,16,22,34,11,26,15,27,0,0,0,9,10,10,14,23,0,0,3,14,10,29,33,52,64,83,48,54,49,69,60,62,60,60,47,58,26,28,20,18,26,29,0,0,0,0,0,0,0,0,0,0,0,0,-46,-55,-216,-219,-172,-78,-93,-75,-105,-108,-515,-515,-569,-424,-337,-8,-6,-7,-13,-10,-10,0,-3,29957,29958,12352,6356,29962,29964,29960,29965,29971,29972,29988,29989,29989,0,0,0,0,0,29989,29990,29990,29991,29991,29982]} 1. e4 e5 2. Nf3 Nc6 3. Bb5 a6 4. Ba4 Nf6 5. O-O Be7 6. d3 d6 7. c3 O-O 8. h3 {C84: Closed Ruy Lopez: Unusual White 6th moves.} Re8 9. Re1 Bf8 {9...b5 is more fashionable. Played by Quang Liem Le in February 2020.} 10. Be3 $5 {[%mdl 4] White is slightly better. Exploring less charted territory.} b5 11. Bc2 {[#]} Bb7 $146 ({Predecessor:} 11... h6 12. a4 Bd7 13. Nbd2 Ne7 14. d4 Ng6 15. b4 exd4 16. cxd4 bxa4 17. Qb1 Rb8 18. Bxa4 {0-1 (58) Nestorovic,N (2476)-Prohaszka,P (2607) Germany 2016}) 12. Nbd2 Nb8 13. Bb3 Nbd7 14. Ng5 Re7 $1 15. f4 h6 16. Ngf3 exf4 17. Bxf4 Ne5 18. Bc2 c5 19. Nxe5 dxe5 20. Be3 Rd7 {next ...c4! is good for Black.} 21. Qe2 g6 22. Qf2 Nh5 23. Bxc5 Bxc5 24. Qxc5 Nf4 25. Qxe5 Nxd3 26. Bxd3 Qb6+ 27. Kh2 {Hoping for Qg3.} Rxd3 28. Nb3 Bc6 29. Rad1 Re8 $1 {[%cal Re8e5]} 30. Qxe8+ Bxe8 31. Rxd3 Qf2 32. Ree3 (32. Red1 {with more complications.} Bc6 33. Rd8+ Kg7 34. R8d2 Qe3 35. Nd4) 32... Qxb2 33. Rd2 Qa3 34. e5 Qe7 35. Rd6 a5 36. Nd4 Kg7 37. Ra6 Qc7 38. Nb3 Qc4 39. Rf6 $2 (39. Rf3 $1 $15) 39... a4 $19 40. Nd2 Qxa2 (40... Qc5 $1 $19 {[%cal Rc5e3] has better winning chances.} 41. Nf1 Bc6) 41. Ne4 $17 a3 {And now ...Qb1 would win.} 42. Nd6 Bc6 {[%csl Gc6][%cal Ra2g2]} 43. Rg3 $2 {[%mdl 8192]} (43. Rxf7+ $17 {nothing else works.} Kg8 44. Rg3 Qxf7 45. Nxf7 Kxf7 46. Rd3) 43... Bd5 $19 44. Nxb5 Bc4 (44... Qb2 $2 45. Nxa3 $1 {[%mdl 512]} h5 46. h4 $19) 45. Nd6 Qe2 $2 ({Black should try} 45... Be6 $19 {aiming for ...Qb1.} 46. Ne8+ Kg8) 46. Nxc4 $11 Qxc4 {[%mdl 4096] Endgame [#] KQ-KRR} 47. Rg4 $1 Qb5 48. Rgf4 Qe8 {...a2 is the strong threat.} 49. Kh1 Qa8 $2 {[%mdl 8192]} (49... a2 $11 50. Ra6 Qxe5) 50. Rxf7+ Kg8 51. e6 $1 {[%cal Re6e7] e7 would kill now.} a2 {[#]} 52. e7 $1 a1=Q+ 53. Kh2 Qxg2+ 54. Kxg2 {[%cal Re7e8] KQ-KRR} Qb2+ 55. Rf2 {[%cal Re7e8]} Qb7+ 56. Kg1 $2 (56. R2f3 {mates} Qe4 57. Rf8+ Kg7 58. e8=Q Qxe8 59. Rxe8 g5 60. Re7+ Kg6 61. Kg3 h5 62. Rf8 g4 63. h4 Kh6 64. Rf6#) 56... Qb1+ 57. Kh2 {[%cal Re7e8]} Qb8+ 58. Kg2 $2 {[%mdl 8192]} (58. R2f4 $11 Qb2+ 59. Rf2 Qb8+ 60. Kg2 Qb7+ 61. R2f3 Qb2+ 62. Kg3 Qb8+ 63. R3f4) 58... Qb7+ $1 59. R2f3 {[%cal Re7e8] White mates.} Qb2+ {[#]} 60. Kg3 $1 {[%cal Re7e8]} Qb8+ 61. Kh4 {Accuracy: White = 76%, Black = 77%.} 1-0

[Event "UZB-ch Men 2020"]
[Site "Tashkent"]
[Date "2020.03.14"]
[Round "1.4"]
[White "Saydaliev, Saidakbar"]
[Black "Vokhidov, Shamsiddin"]
[Result "1/2-1/2"]
[WhiteElo "2384"]
[BlackElo "2512"]
[Annotator "TA"]
[PlyCount "72"]
[EventDate "2020.03.11"]
[EventType "tourn"]
[EventCountry "UZB"]
[SourceTitle "playchess.com"]
[Source "ChessBase"]
[SourceQuality "1"]

{[%evp 9,72,4,23,23,23,23,31,25,27,27,28,34,20,0,10,-24,-42,-52,-45,-70,-59,-76,-69,-102,-86,-230,56,50,31,0,0,0,0,0,0,0,0,0,0,0,236,237,975,1104,1552,1545,1538,1522,1520,1521,1521,1446,1436,1415,1291,1255,1241,0,1118,0,390,0,1072,0,376]} 1. d4 Nf6 2. c4 e6 3. Nc3 Bb4 4. Qc2 b6 5. Bg5 c5 6. dxc5 {E32: Nimzo-Indian: Classical (4 Qc2): 4...0-0.} bxc5 7. a3 Ba5 {[#]} 8. e3 $146 {White is slightly better.} ({Predecessor:} 8. e4 d6 9. Bd3 Nc6 10. Nge2 Nd4 11. Qd1 Qb6 12. Rb1 h6 13. Be3 Bb7 14. O-O Bxc3 15. bxc3 Nxe2+ 16. Qxe2 {1-0 (51) Perez Carballeira,F (1609)-Apaza,G (1195) Madrid 2013}) 8... h6 9. Bh4 Bb7 10. O-O-O O-O 11. f3 Qe7 12. Bd3 d5 13. Nge2 Nbd7 14. Rhg1 Ne5 15. cxd5 exd5 16. Ng3 g6 17. Ba6 (17. Kb1 $17 {is a better defense.}) 17... Bc6 $2 {[#]} (17... Bxa6 18. Nxd5 Qe6 19. Nxf6+ (19. Bxf6 Bc4 $16) 19... Kh8 20. Nfe4 $16) ({Black should try} 17... Bxc3 $1 $19 18. Bxb7 Qxb7 19. Bxf6 Nd3+ $1 {[%mdl 576] Discovered Attack} 20. Rxd3 Bxf6) 18. Nxd5 $1 $14 {[%mdl 512]} Bxd5 19. Bxf6 Qxf6 20. Rxd5 {Strongly threatening Be2.} Qxa6 21. Rxe5 c4 {[%cal Bc5c4,Bc4c3][%mdl 32]} 22. Rd1 $36 {[%mdl 2048] White is more active.} Rab8 {...c3! is the strong threat.} 23. Ne4 {Threatens to win with Nc5.} c3 $1 24. Nc5 ({But not} 24. bxc3 $2 Bc7 $19) ({Not} 24. Nxc3 $2 Bxc3 25. Qxc3 Rfc8 $19) 24... Qc6 $2 {[#]} (24... cxb2+ $11 25. Kb1 Qc8) 25. b4 $1 $18 {Black must now prevent Re6!} ({Stronger than} 25. bxc3 Bc7 $11) 25... Bc7 $2 {[#]} (25... Rbe8) 26. Re6 $1 {[%cal Re6c6][%mdl 512]} Qb5 {[#]} (26... fxe6 27. Qxg6+) 27. Rxg6+ $1 {[%mdl 576] Demolition} fxg6 28. Qxg6+ {[%mdl 64] Double Attack} Kh8 29. Qxh6+ Kg8 30. Qg6+ Kh8 31. Qh5+ Kg8 32. Qg4+ Kh8 33. Qh5+ Kg8 34. Qg6+ $2 (34. Qg5+ Kf7 35. Rd7+ Qxd7 36. Nxd7) 34... Kh8 35. Qh6+ $2 (35. Rd4 Bf4 36. exf4 Qf1+ 37. Rd1) 35... Kg8 36. Qg6+ $2 (36. Qg5+ Kf7 37. Rd7+ Qxd7 38. Nxd7) 36... Kh8 {[%mdl 32768] Accuracy: White = 76%, Black = 67%. . An unexpected result.} 1/2-1/2

[Event "UZB-ch Men 2020"]
[Site "Tashkent"]
[Date "2020.03.14"]
[Round "2.1"]
[White "Sindarov, Javokhir"]
[Black "Saydaliev, Saidakbar"]
[Result "1/2-1/2"]
[WhiteElo "2557"]
[BlackElo "2384"]
[Annotator "TA"]
[PlyCount "55"]
[EventDate "2020.03.11"]
[EventType "tourn"]
[EventCountry "UZB"]
[SourceTitle "playchess.com"]
[Source "ChessBase"]
[SourceQuality "1"]

{[%evp 9,55,8,6,4,25,5,13,9,8,-1,18,24,33,0,0,10,9,0,9,6,17,15,15,12,16,8,10,10,25,8,27,7,12,0,0,-12,-12,-10,-17,-11,0,0,0,-12,0,-24,-16,-28]} 1. e4 c6 2. d4 d5 3. exd5 cxd5 4. Nf3 Nf6 5. Ne5 g6 6. Bb5+ {B13: Caro-Kann: Exchange Variation and Panov-Botvinnik Attack.} Nbd7 7. c4 (7. O-O {seems wilder.} a6 8. Be2 Ne4 9. c4 dxc4 10. Nxc4 b5 11. f3) 7... Bg7 8. O-O O-O 9. Nc3 {[#]} a6 $146 ({Predecessor:} 9... dxc4 10. Bxc4 Nb6 11. Bb3 Nbd5 12. Qf3 Be6 13. Bg5 Nxc3 14. bxc3 Nd5 15. Bh4 Bxe5 16. dxe5 {1-0 (38) Baisakow,A (2184)-Schmoldt,R (2107) Germany 2014}) 10. Bxd7 Nxd7 11. cxd5 Nxe5 12. dxe5 Bxe5 13. Bh6 Re8 14. Re1 Bh8 15. Bg5 Bxc3 16. bxc3 f6 17. Bh4 Bf5 18. c4 Rc8 19. Rc1 Qa5 20. Qd4 Qb4 21. g4 Bd7 22. g5 b5 {[%cal Rc8c4]} 23. Qa7 Bh3 24. Qe3 Bd7 25. Qa7 Bh3 26. Qe3 Bd7 27. a3 Qa4 28. gxf6 {Not much happened in this game. Accuracy: White = 100%, Black = 100%.} 1/2-1/2

[Event "UZB-ch Men 2020"]
[Site "Tashkent"]
[Date "2020.03.14"]
[Round "2.2"]
[White "Nigmatov, Ortik"]
[Black "Yakubboev, Nodirbek"]
[Result "0-1"]
[WhiteElo "2447"]
[BlackElo "2591"]
[Annotator "TA"]
[PlyCount "138"]
[EventDate "2020.03.11"]
[EventType "tourn"]
[EventCountry "UZB"]
[SourceTitle "playchess.com"]
[Source "ChessBase"]
[SourceQuality "1"]

{[%evp 18,138,70,68,80,66,83,31,99,100,145,157,183,195,325,176,454,366,366,381,377,368,382,382,382,382,370,384,389,385,376,323,385,388,384,379,372,374,351,352,338,284,280,277,283,284,285,283,272,221,215,185,202,187,188,188,179,150,125,125,130,58,63,60,70,23,37,28,31,36,27,35,26,10,8,8,18,0,23,0,4,0,0,0,0,0,0,0,0,0,0,0,0,0,0,0,0,-108,-108,-108,-108,-108,-108,-108,-108,-108,-108,-108,-108,-576,-524,-470,-535,-6183,-6139,-6111,-6103,-5627,-935,-5069,-4714,-29987,-29988]} 1. e4 c5 2. Nf3 d6 3. d4 Nf6 4. Nc3 cxd4 5. Nxd4 a6 6. Bg5 e6 7. f4 Qc7 8. Qf3 Nc6 9. O-O-O Bd7 10. Nxc6 Bxc6 {B96: Sicilian Najdorf: 6 Bg5 e6 7 f4, lines other than 7...Qb6 and 7...Be7.} 11. Bxf6 gxf6 12. Qh5 (12. Qh3 $16) 12... Qb6 (12... O-O-O $14) 13. f5 $16 {Strongly threatening fxe6.} Qe3+ 14. Kb1 {[#]} Ke7 $146 ({Predecessor:} 14... Qg5 15. Qh3 exf5 16. Bc4 Qg4 17. Qe3 fxe4 18. Nd5 Bg7 19. Nc7+ Ke7 20. Nxa8 Rxa8 {1-0 (35) Perez Rodriguez,L (2432)-Huerta,D (2338) Merida 2007}) 15. Bc4 b5 (15... Rg8 $142 16. Rhe1 (16. Qxh7 Rg7 $16) (16. fxe6 fxe6 17. Rhf1 Qg5 $16) 16... Qh6) 16. Bd5 ({Don't play} 16. fxe6 $6 fxe6 17. Bd5 (17. Bxe6 Kxe6 18. Ne2 Qc5 $11) 17... exd5 $18) (16. Bb3 $142) 16... Qc5 $2 ({Don't blunder} 16... exd5 $2 17. exd5 Be8 18. Rhe1 $18) (16... Bxd5 17. Rhe1 (17. exd5 e5 $16) 17... Qa7) 17. Bxc6 Qxc6 18. Rhe1 Bg7 {[#]} 19. Nd5+ $1 {[%mdl 512]} Kf8 (19... exd5 20. exd5+) 20. fxe6 fxe6 {[#]} 21. Nxf6 $1 {[%mdl 512]} Bxf6 {[#]} 22. Rf1 $1 {[%mdl 512]} Ke7 {[#]} 23. Rxf6 $1 {[%mdl 512]} Kxf6 24. Qh6+ Kf7 25. Rf1+ Ke8 {aiming for ...Rc8.} 26. Qg7 Kd8 27. Qxh8+ $18 {[%mdl 4096] Endgame KQR-KQR} Kc7 28. Qxh7+ Kb6 29. Qh4 Rc8 30. Qf2+ Kb7 31. Qe2 Qc4 32. Rf7+ Kb6 33. Qe3+ Qc5 34. Qxc5+ Kxc5 {KR-KR} 35. c3 Rh8 36. h3 Rh4 37. Kc2 Rxe4 38. Kd2 b4 39. Rf2 ({Better is} 39. Rf3 $16) 39... bxc3+ $14 40. bxc3 Rh4 41. Kd3 e5 42. Re2 Kd5 43. Rb2 Rf4 44. Rd2 Kc5 45. Ke3 Rc4 46. Rc2 Rh4 47. Rb2 d5 48. Kd3 Rf4 49. Re2 e4+ 50. Ke3 Rf1 51. c4 {[%mdl 64] Decoy} Kxc4 52. Rc2+ Kb4 53. h4 Re1+ 54. Kd4 Rd1+ 55. Ke3 Rd3+ 56. Kf4 e3 {...Rd2 is the strong threat.} 57. h5 (57. Kf3 $11) 57... Rd2 $17 58. Rc1 {And now g4 would win.} d4 {White must now prevent ...e2.} 59. h6 {Hoping for h7.} Rxg2 60. Ke4 Rg4+ $1 61. Kd3 Rh4 62. Rc6 {[#]} a5 $1 63. Ra6 $2 {[%mdl 8192] [#] White does not recover from this.} (63. Rc4+ $17 {is tougher.} Ka3 64. Rc2) 63... Rh1 $1 $19 64. a3+ Kb5 ({Less strong is} 64... Kb3 65. Rb6+ Kxa3 66. Re6 $19) 65. Rd6 Rd1+ 66. Ke2 Rd2+ 67. Kf3 Kc4 (67... Rf2+ $142 68. Kg3 Kc4) 68. Kg3 Rd1 69. Kg2 e2 {Accuracy: White = 61%, Black = 76%.} 0-1

[Event "UZB-ch Men 2020"]
[Site "Tashkent"]
[Date "2020.03.14"]
[Round "2.3"]
[White "Rakhmatullaev, Almas"]
[Black "Madaminov, Mukhiddin"]
[Result "0-1"]
[WhiteElo "2182"]
[BlackElo "2226"]
[Annotator "TA"]
[PlyCount "50"]
[EventDate "2020.03.11"]
[EventType "tourn"]
[EventCountry "UZB"]
[SourceTitle "playchess.com"]
[Source "ChessBase"]
[SourceQuality "1"]

{[%evp 9,50,10,31,27,27,27,33,-4,4,-6,0,-22,0,-59,-70,-189,-179,-202,-208,-451,-249,-259,-206,-254,-263,-238,-235,-370,-234,-272,-115,-380,-387,-381,-377,-371,-373,-586,-476,-5002,-4994,-2775,-2439]} 1. c4 e5 2. Nc3 Nc6 3. g3 Bc5 4. Bg2 d6 5. e3 a6 6. Nge2 {A25: English Opening vs King's Indian with ...Nc6 but without early d3.} Ba7 7. d4 Nf6 8. b4 {White is slightly better.} O-O {[#]} 9. d5 $146 ({Predecessor:} 9. a3 Bf5 10. d5 Ne7 11. e4 Bg6 12. Bg5 Nd7 13. g4 h6 14. Bd2 Bh7 15. h4 {1-0 (36) Torres Ferrandez,M (1916)-Valmana Canto,J (2390) La Roda 2015}) 9... Ne7 10. Bb2 Ng4 11. Qd2 (11. h3 $11 Nf6 12. O-O) 11... f5 $1 $15 12. h3 (12. O-O $15) 12... Nxf2 $1 $19 13. Kxf2 f4 $1 {[%cal Rf4e3]} 14. c5 $2 ({But not} 14. gxf4 exf4 15. Qd3 Ng6 $17) (14. Qd3 Bxe3+ 15. Kf1) 14... dxc5 (14... fxe3+ $142 15. Kxe3 dxc5 16. bxc5 Bxc5+ 17. Kd3 Bf5+ 18. Kc4 Nc6 $1 {[%mdl 512]}) 15. exf4 cxb4+ 16. Ke1 {next Ne4 is good for White.} bxc3 17. Qxc3 Nf5 ({Don't take} 17... Nxd5 18. Qxe5 Nf6 19. Rd1 $17) 18. Rc1 (18. Be4 {was forced.}) 18... Bb6 {And now ...exf4 would win.} 19. Be4 {[#]} Nd4 (19... c6 $1 $19 {[%mdl 512]} 20. Qd3 (20. dxc6 Ba5) 20... exf4 21. gxf4 Kh8) 20. fxe5 $2 {[%mdl 8192]} (20. Qd3 $17 {was called for.}) 20... Nxe2 21. Kxe2 {[#]} Rf2+ $1 22. Ke1 Qg5 {Threatens to win with ...Bf5.} 23. e6 {[#]} (23. Rc2 $142 Ba5 24. Kxf2 Bxc3 25. Bxc3) 23... Rxb2 $1 {[%mdl 512] Black is clearly winning.} 24. Bxh7+ (24. Qxb2 $142 Qe3+ {[%mdl 64] Double Attack} 25. Qe2 Qxc1+ 26. Qd1 Qc3+ {[%mdl 64] Double Attack} 27. Qd2 Qxg3+ 28. Kd1) 24... Kxh7 25. Qxb2 {[#]} Bxe6 $1 {[%mdl 512] Black took control after the opening. Accuracy: White = 29%, Black = 70%.} 0-1

[Event "UZB-ch Men 2020"]
[Site "Tashkent"]
[Date "2020.03.14"]
[Round "2.4"]
[White "Artemenko, Oleg"]
[Black "Abdisalimov, Abdimalik"]
[Result "0-1"]
[WhiteElo "2244"]
[BlackElo "2397"]
[Annotator "TA"]
[PlyCount "104"]
[EventDate "2020.03.11"]
[EventType "tourn"]
[EventCountry "UZB"]
[SourceTitle "playchess.com"]
[Source "ChessBase"]
[SourceQuality "1"]

{[%evp 14,104,41,41,42,17,24,15,34,33,25,22,6,-17,-13,-15,-15,-15,-4,-23,-15,-15,-9,-13,-19,-11,-18,-42,17,10,80,83,71,82,79,88,88,19,54,44,33,32,33,60,384,17,20,0,0,0,0,0,0,0,0,0,0,-76,-75,-51,0,-35,0,-72,-60,-205,-100,-205,-205,-206,-126,-231,0,-208,0,-191,-126,-29987,-29988,-29988,-29989,-29988,-17,-7516,-6235,-6502,-6474,-6095,-5933,-5214,-5181,-2533,-2247]} 1. e4 c5 2. Nf3 d6 3. Bb5+ Nd7 4. d4 Ngf6 5. Nc3 a6 6. Bxd7+ Nxd7 7. O-O cxd4 8. Qxd4 e5 {B51: Sicilian: Moscow Variation (3 Bb5+) without 3...Bd7.} 9. Qa4 Be7 10. Be3 {[#]} Rb8 $146 {The position is equal.} ({Predecessor:} 10... O-O 11. Nd5 b5 12. Qa3 Bb7 13. Rfe1 Bxd5 14. exd5 Qc7 15. Qd3 f5 16. Ng5 Bxg5 17. Bxg5 {0-1 (41) Ostmark,A-Olander,E Sweden 1994}) 11. Nd5 b5 12. Qa3 Bb7 13. Qd3 O-O 14. Rfd1 Bxd5 15. Qxd5 Qc7 16. Rac1 Nf6 17. Qd3 h6 18. Nh4 Rfd8 19. Nf5 Bf8 20. c4 Qb7 (20... bxc4 $15 21. Rxc4 Qa5) 21. c5 $36 {[%cal Rc5d6][%mdl 2048] White has the initiative.} dxc5 (21... d5 $11 {keeps the balance.}) 22. Qxd8 $16 Rxd8 23. Rxd8 g6 24. Bxc5 ({Much weaker is} 24. Nxh6+ $6 Kg7 $11) 24... gxf5 25. Bxf8 ({White should try} 25. exf5 $16 Nh7 26. Bxf8 Nxf8 27. f6 (27. Rcc8 Qe4 $14)) 25... Qxe4 26. Bxh6+ Kh7 27. Bg5 Kg6 28. h4 {Rd6 is the strong threat.} Nd5 $2 {[%mdl 8192]} (28... Kg7 $1 $14) 29. Rd1 $2 ({Better is} 29. f3 $18 Qd4+ 30. Kh2) 29... Nf4 $11 {[%csl Gf4][%cal Re4g2]} 30. R8d6+ Ne6 31. Rxa6 f4 32. Rad6 Kf5 33. Rd7 Kg6 34. R7d6 Qf5 35. Rc1 (35. Bd8 $11) 35... e4 $17 36. Rcd1 f3 (36... Kh7 $15 37. Kf1 Nxg5) 37. gxf3 (37. Kh2 $5 {[%cal Rd1d5]} fxg2 38. Kxg2 $11) 37... exf3 {( -> ...Qh3)} 38. Kf1 (38. Kh2 $1 $11) 38... Qc2 {[%mdl 1024] Black has strong compensation.} 39. R6d3 {[#]} (39. Be3 $15) 39... Qe2+ $1 $19 40. Kg1 Qe4 {Threatens to win with ...f6.} 41. Kf1 Nc5 42. Rd6+ (42. Rd4 $17 Qf5 43. h5+ Kh7 44. Be3) 42... Ne6 43. R6d3 Nc5 44. Rd6+ $1 Kh5 (44... Kh7 $19 45. R6d4 Qe6) 45. R6d5 $2 {[%mdl 8192]} (45. R6d4 $17 Qe6 46. Be3) 45... Qc4+ 46. Kg1 Qg4+ 47. Kf1 Qg2+ (47... Ne4 $142 48. Be7+ Kh6 49. Bf8+ Kh7 50. Rh5+ Qxh5 51. Rd7 Qf5 52. Rxf7+ Qxf7 {[%mdl 64] Double Attack} 53. Be7 Qxe7 54. Ke1 Qd8 55. h5 {[#]} Qd2+ $1 {[%mdl 576] Double Attack} 56. Kf1 Qxf2#) 48. Ke1 Ne4 {[%csl Ge4][%cal Rg2f2] Black is clearly winning.} 49. Be7+ Kh6 {[%csl Ge4][%cal Rg2f2]} 50. Bf8+ Kh7 {[%csl Ge4][%cal Rg2f2]} 51. Rh5+ {[#]} Kg8 $1 {[%csl Ge4][%cal Rg2f2][%mdl 512]} 52. Rg5+ Nxg5 {Never resign too early! Accuracy: White = 67%, Black = 78%.} 0-1

[Event "UZB-ch Men 2020"]
[Site "Tashkent"]
[Date "2020.03.14"]
[Round "3.1"]
[White "Madaminov, Mukhiddin"]
[Black "Artemenko, Oleg"]
[Result "1/2-1/2"]
[WhiteElo "2226"]
[BlackElo "2244"]
[Annotator "TA"]
[PlyCount "42"]
[EventDate "2020.03.11"]
[EventType "tourn"]
[EventCountry "UZB"]
[SourceTitle "playchess.com"]
[Source "ChessBase"]
[SourceQuality "1"]

{[%evp 26,42,0,0,10,0,0,0,0,-17,-10,-5,0,0,0,-5,-11,-13,0]} 1. e4 c5 2. Nf3 Nc6 3. Bb5 g6 4. O-O Bg7 5. c3 Nf6 6. Re1 O-O 7. d4 cxd4 8. cxd4 d5 9. e5 Ne4 10. Bxc6 bxc6 11. Nbd2 c5 12. dxc5 Nxc5 13. Nb3 Nxb3 14. Qxb3 {The position is equal.} Qb6 {B31: Sicilian: 2...Nc6 3 Bb5 g6.} 15. Qxb6 axb6 16. Bg5 {[#]} Re8 $146 ({Predecessor:} 16... e6 17. a4 Ba6 18. h4 Rfc8 19. Be3 b5 20. axb5 Bxb5 21. Rxa8 Rxa8 22. Bc5 Bd7 23. Nd4 Ra5 24. b4 Ra4 25. Nb3 Ra3 26. Nd4 Bf8 27. Rc1 Ra4 28. Nb3 {½-½ (28) Van der Velde,M (2126)-Wimmer,R (2105) ICCF email 2016}) 17. a3 Bg4 18. Nd4 h6 19. Bd2 Rac8 20. f3 Rc4 21. Bc3 Bd7 {A rather calm draw.} 1/2-1/2